[Event "IECG QF.2004.0.00058 email"]
[Site "IECG email"]
[Date "2004.11.17"]
[Round "?"]
[White "Ajolfi, Roberto"]
[Black "Sedlarov, Todor"]
[Result "0-1"]
[WhiteElo "800"]
[BlackElo "1175"]
[PlyCount "52"]
[EventDate "2004.11.17"]
[EventType "tourn (corr)"]
[EventRounds "6"]
[SourceTitle "Corr 2008"]
[Source "ChessBase"]
[SourceDate "2008.06.24"]
[SourceVersion "1"]
[SourceVersionDate "2008.06.24"]
[SourceQuality "1"]

1. Nf3 e6 2. c4 Nf6 3. g3 c5 4. Bg2 Nc6 5. 0-0 d5 6. cxd5 exd5 7. d4 Be7 8. dxc5 Bxc5 9. Bg5 0-0 10. Nc3 d4 11. Bxf6 Qxf6 12. Ne4 Qe7 13. Nxc5 Qxc5 14. Rc1 Qb6 15. Qc2 h6 16. Rfd1 Be6 17. b3 Rfd8 18. Rd2 Rd7 19. Rcd1 Rad8 20. Rc1 d3 21. Qd1 dxe2 22. Qxe2 Rxd2 23. Nxd2 Nd4 24. Qe1 Qa6 25. Kh1 Qxa2 26. Ra1 Qc2 0-1

[Event "IECG QF.2004.0.00058 email"]
[Site "IECG email"]
[Date "2004.11.17"]
[Round "?"]
[White "Bielewicz, Julian"]
[Black "Sedlarov, Todor"]
[Result "0-1"]
[WhiteElo "1050"]
[BlackElo "1175"]
[PlyCount "23"]
[EventDate "2004.11.17"]
[EventType "tourn (corr)"]
[EventRounds "6"]
[SourceTitle "Corr 2008"]
[Source "ChessBase"]
[SourceDate "2008.06.24"]
[SourceVersion "1"]
[SourceVersionDate "2008.06.24"]
[SourceQuality "1"]

1. Nf3 e6 2. g3 c5 3. Bg2 g6 4. e4 Bg7 5. d3 Nc6 6. 0-0 Nge7 7. Nbd2 d5 8. Re1 b6 9. exd5 Nxd5 10. c4 Ndb4 11. a3 Nxd3 12. Re3 0-1

[Event "IECG QF.2003.0.00033"]
[Site "IECG email"]
[Date "2003.08.14"]
[Round "?"]
[White "Sedlarov, Todor"]
[Black "Wynn, Aaron"]
[Result "1/2-1/2"]
[WhiteElo "800"]
[BlackElo "1125"]
[PlyCount "71"]
[EventDate "2003.02.05"]
[EventType "tourn (corr)"]
[EventRounds "6"]
[SourceTitle "Corr 2008"]
[Source "ChessBase"]
[SourceDate "2008.06.24"]
[SourceVersion "1"]
[SourceVersionDate "2008.06.24"]
[SourceQuality "1"]

1. c4 e5 2. g3 Nf6 3. Bg2 Nc6 4. Nc3 Bc5 5. e3 0-0 6. Nge2 d5 7. Nxd5 Be6 8. Qb3 Na5 9. Nxf6+ Qxf6 10. Qb5 Bb6 11. c5 c6 12. Qa4 Bc7 13. b4 Nc4 14. d3 e4 15. d4 Qg6 16. Qc2 f5 17. a4 a6 18. a5 Rad8 19. Bb2 Nxb2 20. Qxb2 Bc4 21. Nc3 Qf6 22. Rc1 Bd3 23. Bf1 Bxf1 24. Kxf1 g5 25. Ke2 f4 26. gxf4 gxf4 27. Rhg1+ Kh8 28. Nxe4 Qe7 29. Rg5 Rd5 30. Rxd5 cxd5 31. Nc3 f3+ 32. Kd3 Qg5 33. Qa1 Bxh2 34. Rh1 Qf5+ 35. Kd2 Bc7 36. Qb1 1/2-1/2